| 000 | 00420nam a22001697a 4500 | ||
|---|---|---|---|
| 005 | 20160620164459.0 | ||
| 008 | 160620b xxu||||| |||| 00| 0 eng d | ||
| 020 | _a019564850-1 | ||
| 041 | _aeng | ||
| 082 | _b8600 | ||
| 100 |
_aBhattacharya, Hrihosh _92347 |
||
| 245 | _aBanking Strategy Credit Appraisal and Lending Decisions | ||
| 260 |
_bOxford _c2000 |
||
| 300 | _a699 | ||
| 650 |
_aManagement _9241 |
||
| 942 | _cBK | ||
| 999 |
_c3319 _d3318 |
||